000 00535 a2200181 4500
001 77096
020 _a9788131502662
082 _a004 MOR
090 _c39309
_d39309
100 _aDeborah Morley : Charles S Parker
245 _aUnderstanding Computers Today and Tomorrow 11th/Ed
_cDeborah Morley : Charles S Parker
_hEnglish
250 _a11 th
260 _aNew delhi
_bCourse Technology (cengage Learning)
_c2008
300 _axvi 451p
500 _aDOS BS Reference Books
505 _aGifted Books
600 _aComputer
942 _acaenust
_k004 MOR
_cBS
999 _c312169
_d312169